Central Library OPAC University of Rajshahi

The rural political elite in Bangladesh : (Record no. 82847)

MARC details
000 -LEADER
fixed length control field 01053nam a22002537a 4500
001 - CONTROL NUMBER
RUCL Control Number 82847
003 - CONTROL NUMBER IDENTIFIER
rucl marc code BD-RjUL
005 - DATE AND TIME OF LATEST TRANSACTION
control field 20240129151615.0
008 - FIXED-LENGTH DATA ELEMENTS--GENERAL INFORMATION
fixed length control field 240129s1980 bg a|||| m||| 00| 0 eng d
035 ## - SYSTEM CONTROL NUMBER
system control number (BD-RjUL)82847
040 ## - CATALOGING SOURCE
Original cataloging agency BD-RjUL
Language of cataloging eng
Transcribing agency BD-RjUL
Modifying agency BD-RjUL
041 ## - LANGUAGE CODE
Language code of Book eng
082 ## - DEWEY DECIMAL CLASSIFICATION NUMBER
DDC Edition number 23
Classification number 320.80954924
Author mark and Year WAR 1980
100 ## - MAIN ENTRY--PERSONAL NAME
Personal name Wahhab, Muhammad Abdul
9 (RLIN) 11235
245 10 - TITLE STATEMENT
Title The rural political elite in Bangladesh :
Remainder of title A study of leadership pattern in six union parishads of Rangpur District /
Statement of responsibility, etc By Muhammad. Abdul Wahhab ;
Name of Supervisor/Co-Supervisor Supervisor : Mr. Golam Morshed
260 ## - PUBLICATION, DISTRIBUTION, ETC. (IMPRINT)
Place of publication, distribution, etc Rajshahi :
Name of publisher, distributor, etc Institute of Bangladesh Studies, Rajshahi University,
Date of publication, distribution, etc 1980
300 ## - PHYSICAL DESCRIPTION
Pagination (vii), 175 leaves :
Other physical details ill, ;
Dimensions 30.cm.
502 ## - DISSERTATION NOTE
Dissertation note Thesis (M. Phil.) -- Institute of Bangladesh Studies, Rajshahi University, 1980
504 ## - BIBLIOGRAPHY, ETC. NOTE
Bibliography, etc Bibliography : Leaves 166 - 175
650 ## - SUBJECT ADDED ENTRY--TOPICAL TERM
Topical term or geographic name as entry element Democratic government
Geographic subdivision Rangpur
9 (RLIN) 11236
Topical term or geographic name as entry element Political Science (Politics and governmet)
Geographic subdivision Bangladesh
9 (RLIN) 11237
700 ## - ADDED ENTRY--SUPERVISOR/CO-SUPERVISOR NAME
Personal name Morshed, Mr. Golam, Supervisor
9 (RLIN) 11238
942 ## - ADDED ENTRY ELEMENTS (KOHA)
Source of classification or shelving scheme Dewey Decimal Classification
Koha item type Theses
Holdings
Source of classification or shelving scheme Damaged status Not for loan Collection code Permanent Location Current Location Shelving location Date of accession Source of acquisition Total Checkouts Full call number Barcode Date last seen Copy number Thesis
Dewey Decimal Classification   Not For Loan Theses Central Library, University of Rajshahi Central Library, University of Rajshahi Documentation Section 19/03/1989 Controller of Exam. R. U.   THE 320.80954924 WAR 1980 D1111 29/01/2024 C-1 Theses